Pays du Monde commençant par G-I-N-O - Statistiques

Statistiques générales
  • Ce quiz a été pris 389 fois
  • Le résultat moyen est 22 sur 30
Statistiques - réponses
Réponse % Correct
Guinée
85%
Inde
84%
Italie
84%
Géorgie
83%
Oman
83%
Ouzbékistan
82%
Indonésie
81%
Guinée-Bissau
80%
Irlande
80%
Namibie
80%
Guinée équatoriale
79%
Islande
79%
Gabon
78%
Ghana
78%
Guatemala
77%
Ouganda
77%
Iran
75%
Irak
74%
Nicaragua
71%
Niger
71%
Nigeria
71%
Népal
68%
Norvège
68%
Nouvelle-Zélande
67%
Gambie
66%
Grèce
64%
Israël
62%
Nauru
62%
Guyana
60%
Grenade
53%
Aucun quiz correspondant
Distribution des résultats
% des personnes avec chaque résultat
Percentile par nombre de réponses
Votre historique - résultats
Vous n’avez pas pris ce quiz